| 000 | 01328nam a22003495i 4500 | ||
|---|---|---|---|
| 001 | 8195 | ||
| 003 | FISKH | ||
| 005 | 20250902081839.0 | ||
| 008 | 250213s2025 nyu j 000 0 eng | ||
| 010 | _a 2025932497 | ||
| 020 |
_a9780316587235 _q(hardcover) |
||
| 020 | _a9780340999073 | ||
| 035 | _a24030297 | ||
| 040 |
_aDLC _beng _erda _cDLC |
||
| 050 | _aPZ7.C83535 H | ||
| 082 | _a 823.92 | ||
| 100 | 1 |
_aCowell, Cressida, _eauthor. |
|
| 245 | 1 | 0 |
_aHow to train your dragon / _cCressida Cowell, Cressida Cowell. |
| 260 |
_aNew York : _bLittle, Brown and Company, _c2003. |
||
| 300 |
_a227 pages : _bcolor illustrations ; _c20 cm |
||
| 336 |
_atext _btxt _2rdacontent |
||
| 337 |
_aunmediated _bn _2rdamedia |
||
| 338 |
_avolume _bnc _2rdacarrier |
||
| 490 | 0 | _aHow to train your dragon | |
| 520 |
_a"Chronicles the adventures and misadventures of Hiccup Horrendous Haddock the Third as he tries to pass the important initiation test of his Viking clan, the Tribe of the Hairy Hooligans, by catching and training a dragon"-- _cProvided by publisher. |
||
| 521 |
_aAges 8-12 _bLittle, Brown and Company |
||
| 650 |
_aAdventure _vChildren's Literature _xFantasy _yYoung Adult |
||
| 700 | 1 |
_aCowell, Cressida, _eillustrator. |
|
| 906 |
_a0 _bibc _corignew _d2 _eepcn _f20 _gy-gencatlg |
||
| 942 |
_2ddc _cBK _n0 |
||
| 999 |
_c8195 _d8195 |
||